| 000 | 00805nam a2200217 u 4500 | ||
|---|---|---|---|
| 005 | 20221109063824.0 | ||
| 008 | 081208s2007 r 000 0 eng d | ||
| 020 | _a9701059034 (10 dígitos) | ||
| 020 | _a9789701059036 (13 dígitos) | ||
| 035 | _aUPN01000168389 | ||
| 049 | _aCG | ||
| 050 | 4 |
_aHF5415 _bW7.2 |
|
| 100 | 1 | _aWright, Jeremy | |
| 245 | 1 | 0 |
_aBlog marketing : _bla nueva y revolucionaria forma de incrementar las ventas, construir su marca y obtener resultados excepcionales / _cJeremy Wright ; tr. María Jesús Herrero Díaz. |
| 260 |
_aMéxico : _bMcGraw-Hill Interamericana, _cc2007. |
||
| 300 |
_axiv, 321 p. : _bil. |
||
| 534 |
_pTítulo original: _tBlog marketing |
||
| 650 | 2 |
_aMercadotecnia _95626 |
|
| 650 | 4 |
_aMERCADOTECNIA - _xPROGRAMAS PARA COMPUTADORA _94047 |
|
| 905 | _aLibro | ||
| 999 |
_c140496 _d140496 |
||